| 000 | 00448pab a2200157 454500 | ||
|---|---|---|---|
| 008 | 180718b xxu||||| |||| 00| 0 eng d | ||
| 100 | _aRani S.Isabella | ||
| 245 | _aRural industrialisation - the case of coir industry | ||
| 362 | _a12(5), Sep 93, p.523-31 | ||
| 650 | _a Rural Industrialisation | ||
| 650 | _a Coir Industry | ||
| 650 | _aIndustry, Rural | ||
| 700 | _aKrishnamoorthy S. | ||
| 773 | _aJournal of Rural Development | ||
| 909 | _a25990 | ||
| 999 |
_c25990 _d25990 |
||